Bajo la sombra del volcán

Saved in:

Other Authors: Heredia Espinoza, Verenice Y. (Editor), Cardona Machado, Héctor J. (Editor), Englehardt, Joshua D. (Editor)

Format: Book

Published: Oxford Archaeopress Publishing Ltd 2025

Tags: Add Tag

No Tags, Be the first to tag this record!

Call Number:

LEADER 00746namaa2200193 4500
001 9781805830528
003 UkOxAP
005 20260405155017.0
020 |a 9781805830535 
776 1 |x 9781805830528 
245 0 0 |a Bajo la sombra del volcán 
100 1 |a Heredia Espinoza, Verenice Y.  |e Editor  |l Spanish 
700 1 |a Cardona Machado, Héctor J.  |e Editor  |l Spanish 
700 1 |a Englehardt, Joshua D.  |e Editor  |l Spanish 
856 4 2 |a http://library.arce.org:8087/Archaeopress/Products/9781805830535 
260 |a Oxford  |b Archaeopress Publishing Ltd  |c 2025 
270 |a Archaeopress Publishing Ltd, Summertown Pavillion, 18 -24 Middle Way, Summertown  |b Oxford  |d United Kingdom  |e OX2 7LG  |k 44-1865-311914  |m info@archaeopress.com 
942 |2 lcc  |c EBOOK 
999 |c 62107  |d 62107